[Event "Landsturneringen NM i sjakk 2013"]
[Site "Radisson Blu Lillehammer Hotel"]
[Date "2013.06.29"]
[Round "9"]
[White "Tryggestad, Andreas G"]
[Black "Næss, Sara"]
[Result "1-0"]
[WhiteElo "1611"]
[BlackElo "1371"]
[PlyCount "63"]
[EventDate "2013.??.??"]

1. e4 c5 2. c3 Nf6 3. e5 Nd5 4. d4 cxd4 5. Nf3 Nc6 6. cxd4 e6 7. Bc4 Qc7 8.
Bxd5 exd5 9. Nc3 d6 10. Nxd5 Qa5+ 11. Nc3 dxe5 12. d5 Nd8 13. Nxe5 Bd6 14. Nc4
Qc7 15. Qe2+ Kf8 16. Nb5 Bb4+ 17. Bd2 Bxd2+ 18. Nxd2 Qe7 19. Qxe7+ Kxe7 20. Rc1
f6 21. O-O Nf7 22. Rfe1+ Kf8 23. Nc7 Bf5 24. Nxa8 Nd6 25. Nc7 Kf7 26. Ne6 Kg6
27. Rc7 Kh6 28. Nxg7 Rd8 29. Nc4 Bg6 30. Ne6 Rc8 31. Nxd6 Rxc7 32. Nxc7 1-0